000 00440nam a22001217a 4500
999 _c532313
_d532313
022 _a2519-7991 E-2521-0122
100 _aLahore Garrison University.
_925752
245 _aResearch Journal of Computer Science and Information Technology /
_cLahore Garrison University.
260 _aLahore:
_bwww.research.lgu.edu.pk
300 _c24cm.
650 _aComputer Science - Periodicals, Information Technology - Periodicals.
_925753
942 _cCR